LEADER 01843nam 2200397 n 450 001 996394547203316 005 20200824121726.0 035 $a(CKB)4940000000120829 035 $a(EEBO)2240868338 035 $a(UnM)99835984e 035 $a(UnM)99835984 035 $a(EXLCZ)994940000000120829 100 $a19900821d1634 uy | 101 0 $aeng 135 $aurbn||||a|bb| 200 04$aThe mystery of selfe-deceiuing: or, A discourse and discouery of the deceitfulnesse of mans heart. Written by the late faithfull minister of Gods Word Daniel Dyke, Batchelor in Diuinitie. Published since his death, by his brother I.D. minister of Gods Word$b[electronic resource] 205 $aAnd now by him augmented and inlarged, and therevnto two exquisite tables added, enlightening much the whole treatise. 210 $aLondon $cPrinted by William Stansby$d1634 215 $a[16], 288, 277-308, 321-388, 377-384, 397-438, [26] p 300 $aEditor's dedication signed: Ier. Dyke. 300 $aThe first leaf and the last leaf are blank. 300 $aRunning title reads: The deceitfulnesse of mans heart. 300 $aReproduction of the original in the Henry E. Huntington Library and Art Gallery. 330 $aeebo-0113 606 $aSin$vEarly works to 1800 615 0$aSin 700 $aDyke$b Daniel$fd. 1614.$01004969 701 $aDyke$b Jeremiah$f1584-1639.$01001094 801 0$bCu-RivES 801 1$bCu-RivES 801 2$bCStRLIN 801 2$bWaOLN 906 $aBOOK 912 $a996394547203316 996 $aThe mystery of selfe-deceiuing: or, A discourse and discouery of the deceitfulnesse of mans heart. Written by the late faithfull minister of Gods Word Daniel Dyke, Batchelor in Diuinitie. Published since his death, by his brother I.D. minister of Gods Word$92313658 997 $aUNISA